书目信息 |
| 题名: |
室内布线与安全用电350问
|
|
| 作者: | 张应力 , 张峥 , 罗建祥 编著 | |
| 分册: | ||
| 出版信息: | 上海 上海科学技术出版社 2005.07 |
|
| 页数: | 22, 401页 | |
| 开本: | 19cm | |
| 丛书名: | 电工实用技术问答丛书 | |
| 单 册: | ||
| 中图分类: | TM92-64 | |
| 科图分类: | ||
| 主题词: | 用电管理--yong dian guan li--安全技术--问答 | |
| 电子资源: | ||
| ISBN: | 7-5323-8050-5 | |
| 000 | 01134nam 2200277 450 | |
| 001 | 012006147271 | |
| 005 | 20060920160720.35 | |
| 010 | @a7-5323-8050-5@dCNY27.00 | |
| 100 | @a20060709d2005 km y0chiy0120 ea | |
| 101 | 0 | @achi |
| 102 | @aCN@b310000 | |
| 105 | @aa a 000yy | |
| 200 | 1 | @a室内布线与安全用电350问@Ashi nei bu xian yu an quan yong dian 350 wen@f张应力, 张峥, 罗建祥等编著@Fzhang ying li,zhang zheng,luo jian xiang deng bian zhu |
| 210 | @a上海@c上海科学技术出版社@d2005.07 | |
| 215 | @a22, 401页@c图@d19cm | |
| 225 | 2 | @a电工实用技术问答丛书@Adian gong shi yong ji shu wen da cong shu |
| 320 | @a有书目。 | |
| 330 | @a本书解答了室内安全用电知识、室内布线安全规范、电气装置的安装及使用安全、室内电气火灾及其防止雷电和静电的预防、电气事故人身伤害的现场急救处理等具有代表性的350个实际技术问题。 | |
| 410 | 0 | @12001 @a电工实用技术问答丛书 |
| 606 | 0 | @a用电管理@Ayong dian guan li@x安全技术@j问答 |
| 690 | @aTM92-64@v4 | |
| 701 | 0 | @a张应力@Azhang ying li@4编著 |
| 701 | 0 | @a张峥@Azhang zheng@4编著 |
| 701 | 0 | @a罗建祥@Aluo jian xiang@4编著 |
| 801 | 0 | @aCN@bQSSK@c20060920 |
| 905 | @a10447@dTM92-64@eZ233 | |
| 室内布线与安全用电350问/张应力, 张峥, 罗建祥等编著.-上海:上海科学技术出版社,2005.07 |
| 22, 401页:图;19cm.-(电工实用技术问答丛书) |
| ISBN 7-5323-8050-5:CNY27.00 |
| 本书解答了室内安全用电知识、室内布线安全规范、电气装置的安装及使用安全、室内电气火灾及其防止雷电和静电的预防、电气事故人身伤害的现场急救处理等具有代表性的350个实际技术问题。 |
| ● |
| 相关链接 |
|
|
|
正题名:室内布线与安全用电350问
索取号:TM92-64/Z233
 
预约/预借
| 序号 | 登录号 | 条形码 | 馆藏地/架位号 | 状态 | 备注 |
| 1 | 595275 | 205952753 | 自科库301/301自科库 20排4列1层/ [索取号:TM92-64/Z233] | 在馆 | |
| 2 | 595276 | 205952762 | 自科库301/301自科库 20排4列1层/ [索取号:TM92-64/Z233] | 在馆 | |
| 3 | 595277 | 205952771 | 自科二线404/301自科库 14排1列5层/ [索取号:TM92-64/Z233] | 在馆 |